000 00312nam a22001337a 4500
999 _c12037
_d12037
020 _a0-7868-6861-9
082 _a365.45
100 _aMalika Oufkir
245 _aStolen Twenty Years in desert jail lives
260 _aNew York
_bHyperion
_c1999
300 _a293
650 _aEnglish Fiction
942 _cBK